000 00986nam a2200289 i 4500
003 DO-SdBNP
005 20240913150202.0
007 ta
008 240913b2000 dr ac||| |||| 00| 0 spa d
040 _aDO-SdBNP
_bspa
_cBNPHU
_erda
041 1 7 _heng
082 4 _222
245 0 0 _aSanto Domingo y sus monumentos coloniales /
_ceditor, Luis Scheker Ortiz ; textos, Salomé Frías ; traducción Larissa Veloz
246 _aSanto Domingo and its colonial monuments
250 _asegunda edición
264 _aSanto Domingo :
_bEdiciones Pasado,
_c2000.
300 _a127 páginas :
_bilustraciones, retratos ;
_c23 cm.
336 _atexto
_btxt
_2rdacontent
337 _asin mediación
_bn
_2rdamedia
338 _avolumen
_bnc
_2rdacarrier
590 _aInventariado, 2024/BT
700 1 _aScheker Ortiz, Luis,
_eeditor
_4ed.
_99515
700 1 _aFrías, Salomé,
_etextos
_4txt
_916020
700 1 _aVeloz, Larissa,
_etraductor
_4tr.
_986577
910 _aBtavárez
942 _2ddc
_cLBS1
999 _c57685
_d57685